Strzelcy bramek w pierwszych meczach 1/2 Ligi Mistrzów . - Statystyki

Ogólne statystyki
  • Ten quiz został rozwiązany 82 razy
  • Średni wynik to 4 z 5
Statystyki odpowiedzi
Mecz Piłkarz % Poprawnych
Real Madryt - Chelsea 1:1 Benzema
97%
PSG - Manchester City 1:1 De Bruyne
87%
PSG - Manchester City 1:2 Mahrez
79%
Real Madryt - Chelsea 0:1 Pulisic
77%
PSG - Manchester City 1:0 Marquinhos
73%
Nie znaleziono quizów pasujących do podanych kryteriów
Rozkład punktacji
Procent ludzi z każdym wynikiem
Percentyl według liczby udzielonych odpowiedzi
Twoja historia wyników
Nie rozwiązałeś tego quizu